[Event "26.Torneo Collado Villalba 2011"]
[Site "Collado Villalba ESP"]
[Date "2011.08.25"]
[Round "3.33"]
[White "Hernandez Yanez, Javier"]
[Black "Lopez Pais, Francisco"]
[Result "1-0"]
[WhiteElo "1973"]
[BlackElo "1833"]
[PlyCount "81"]
[EventDate "2011.08.23"]
[EventType "swiss"]
[EventRounds "9"]
[EventCountry "ESP"]
[Source "lmi"]
[SourceDate "2011.08.23"]

1. c4 e5 2. g3 Nf6 3. Bg2 c5 4. Nc3 g6 5. e4 Bg7 6. Nge2 O-O 7. O-O d6 8. d3
Nc6 9. a3 Nh5 10. Rb1 a6 11. b4 b6 12. Nd5 Be6 13. Be3 Rb8 14. Qd2 Nd4 15. f4
f5 16. exf5 gxf5 17. fxe5 dxe5 18. Nxd4 cxd4 19. Bg5 Qd7 20. Rfc1 Nf6 21. Nxf6+
Bxf6 22. Bxf6 Rxf6 23. Qe2 Qc7 24. c5 b5 25. Re1 f4 26. Qxe5 Qxe5 27. Rxe5 f3
28. Bxf3 Rxf3 29. Rxe6 Rxd3 30. Rd6 Re8 31. Rb2 Rd1+ 32. Kg2 d3 33. Rf2 Re2 34.
Kf3 Rc2 35. g4 d2 36. Kf4 Ra2 37. Kg5 Rxa3 38. Rdf6 h6+ 39. Kg6 Rf3 40. R6xf3
Rg1 41. Rf8# 1-0

[Event "26.Torneo Collado Villalba 2011"]
[Site "Collado Villalba ESP"]
[Date "2011.08.25"]
[Round "3.36"]
[White "Olivera Gutierrez, Albert"]
[Black "Velasco Garcia, Jorge Juan"]
[Result "1-0"]
[WhiteElo "2036"]
[BlackElo "1927"]
[PlyCount "79"]
[EventDate "2011.08.23"]
[EventType "swiss"]
[EventRounds "9"]
[EventCountry "ESP"]
[Source "lmi"]
[SourceDate "2011.08.23"]

1. e4 Nf6 2. e5 Nd5 3. d4 d6 4. c4 Nb6 5. exd6 cxd6 6. Nc3 g6 7. Be3 Bg7 8. Rc1
Nc6 9. b3 O-O 10. d5 Ne5 11. Be2 a5 12. a4 Ned7 13. Nf3 Nc5 14. Nd4 Nbd7 15.
O-O Nf6 16. Bf3 Bd7 17. Re1 Qb6 18. Rb1 Rfe8 19. g4 h6 20. h4 e5 21. dxe6 Bxe6
22. g5 hxg5 23. hxg5 Nfd7 24. Ncb5 Be5 25. Bg2 Rad8 26. f4 Bg7 27. Nxe6 Rxe6
28. Bd5 Re7 29. Kg2 Nf8 30. Bxc5 dxc5 31. Rxe7 Ne6 32. Qg4 Kf8 33. Rxb7 Qa6 34.
Ra7 Qb6 35. Re1 Re8 36. Rb7 Qa6 37. Nc7 Qd6 38. Nxe8 Nxf4+ 39. Qxf4 Qxf4 40.
Rxf7+ 1-0

[Event "26.Torneo Collado Villalba 2011"]
[Site "Collado Villalba ESP"]
[Date "2011.08.25"]
[Round "3.37"]
[White "Rodriguez Del Moral, Angel"]
[Black "Lopez Heras, Arturo"]
[Result "0-1"]
[WhiteElo "1813"]
[BlackElo "1949"]
[PlyCount "76"]
[EventDate "2011.08.23"]
[EventType "swiss"]
[EventRounds "9"]
[EventCountry "ESP"]
[Source "lmi"]
[SourceDate "2011.08.23"]

1. d4 e6 2. Nf3 d5 3. Bf4 Bd6 4. Ne5 Nd7 5. e3 Nxe5 6. dxe5 Bc5 7. c3 c6 8. Bd3
Ne7 9. Nd2 Ng6 10. Bg3 f5 11. Nf3 Be7 12. h4 h5 13. Qc2 Nf8 14. O-O-O Nd7 15.
Bxf5 exf5 16. Qxf5 Nf8 17. Qc2 Be6 18. Nd4 Qa5 19. f4 Bg4 20. Rde1 O-O-O 21. f5
Qxa2 22. Kd2 Qc4 23. Ra1 Qc5 24. Ra4 Kc7 25. b4 Qb6 26. Rb1 Ra8 27. c4 dxc4 28.
Qxc4 Rd8 29. Kc2 Rxd4 30. exd4 Bxf5+ 31. Kb2 Bxb1 32. Kxb1 a6 33. Qf7 Kd8 34.
Bf2 Qb5 35. Ra2 Qf1+ 36. Kb2 Nd7 37. d5 Rf8 38. Qe6 Rxf2+ 0-1

[Event "26.Torneo Collado Villalba 2011"]
[Site "Collado Villalba ESP"]
[Date "2011.08.25"]
[Round "3.38"]
[White "Alvarez Carbajales, Fermin"]
[Black "Callejo Hernanz, Jesus Maria"]
[Result "1-0"]
[WhiteElo "1931"]
[BlackElo "1806"]
[PlyCount "71"]
[EventDate "2011.08.23"]
[EventType "swiss"]
[EventRounds "9"]
[EventCountry "ESP"]
[Source "lmi"]
[SourceDate "2011.08.23"]

1. e4 c5 2. Nc3 Nc6 3. g3 g6 4. Bg2 Bg7 5. d3 d6 6. Be3 Nf6 7. h3 Rb8 8. Qd2 h6
9. f4 a6 10. Nf3 Qc7 11. O-O b5 12. Qf2 Bb7 13. e5 dxe5 14. fxe5 Nh7 15. Bxc5
O-O 16. d4 Rbd8 17. Ne2 Ng5 18. Nxg5 hxg5 19. c3 Nxe5 20. dxe5 Bxg2 21. Kxg2
Bxe5 22. Rad1 f5 23. Bb6 Qc6+ 24. Kg1 f4 25. Rxd8 Rxd8 26. Bxd8 Qd7 27. Bb6
Qxh3 28. Bd4 Bd6 29. Qh2 Qg4 30. Qh6 Kf7 31. Qg7+ Ke8 32. Qxg6+ Kd7 33. Qe4 Qh3
34. Qg2 Qh5 35. gxf4 g4 36. Ng3 1-0

[Event "26.Torneo Collado Villalba 2011"]
[Site "Collado Villalba ESP"]
[Date "2011.08.26"]
[Round "4.1"]
[White "Barria Zuniga, Daniel"]
[Black "Moreno Ruiz, Javier"]
[Result "1/2-1/2"]
[WhiteElo "2443"]
[BlackElo "2545"]
[PlyCount "62"]
[EventDate "2011.08.23"]
[EventType "swiss"]
[EventRounds "9"]
[EventCountry "ESP"]
[Source "lmi"]
[SourceDate "2011.08.23"]

1. d4 Nf6 2. c4 e6 3. Nf3 d5 4. Nc3 Bb4 5. Qa4+ Nc6 6. e3 O-O 7. Qc2 b6 8. a3
Bxc3+ 9. Qxc3 Ba6 10. b4 Bxc4 11. Bxc4 dxc4 12. Qxc4 Ne7 13. O-O c6 14. Bd2 Ne4
15. Rfc1 Rc8 16. Be1 Qd5 17. Ne5 f6 18. Nd3 Rfd8 19. Nf4 Qxc4 20. Rxc4 Kf7 21.
Rac1 g5 22. Ne2 Nd6 23. R4c2 b5 24. Ra1 Rd7 25. Nc1 Nd5 26. Nd3 Nb6 27. Nc5
Rdc7 28. Kf1 Nb7 29. Nb3 Nd6 30. Nc5 Nb7 31. Nd3 Nd6 1/2-1/2

[Event "26.Torneo Collado Villalba 2011"]
[Site "Collado Villalba ESP"]
[Date "2011.08.26"]
[Round "4.2"]
[White "Renteria, Jorge"]
[Black "Guerra Mendez, Jose Angel"]
[Result "1/2-1/2"]
[WhiteElo "2320"]
[BlackElo "2450"]
[PlyCount "51"]
[EventDate "2011.08.23"]
[EventType "swiss"]
[EventRounds "9"]
[EventCountry "ESP"]
[Source "lmi"]
[SourceDate "2011.08.23"]

1. e4 e5 2. Nf3 Nc6 3. d4 exd4 4. Nxd4 Bc5 5. Be3 Qf6 6. c3 Nge7 7. Bc4 Ne5 8.
Be2 Qg6 9. O-O d6 10. f3 O-O 11. Nd2 d5 12. Nf5 Bxe3+ 13. Nxe3 Qb6 14. Kf2 f5
15. Qb3 fxe4 16. Qxb6 axb6 17. Kg1 exf3 18. Nxf3 Ng4 19. Nxg4 Bxg4 20. h3 Bd7
21. Ne5 Rxf1+ 22. Rxf1 Be6 23. a3 Nc6 24. Nd3 d4 25. Nf4 Bf7 26. Rc1 1/2-1/2

[Event "26.Torneo Collado Villalba 2011"]
[Site "Collado Villalba ESP"]
[Date "2011.08.26"]
[Round "4.3"]
[White "Fernandez Cardoso, Alexey"]
[Black "Sanchez Gonzalez, Sergio"]
[Result "1-0"]
[WhiteElo "2450"]
[BlackElo "2302"]
[PlyCount "71"]
[EventDate "2011.08.23"]
[EventType "swiss"]
[EventRounds "9"]
[EventCountry "ESP"]
[Source "lmi"]
[SourceDate "2011.08.23"]

1. e4 c5 2. Nf3 d6 3. d4 cxd4 4. Nxd4 Nf6 5. Nc3 e6 6. f4 Nc6 7. Be2 a6 8. Be3
Qc7 9. a4 Be7 10. O-O O-O 11. Kh1 Re8 12. a5 Nxa5 13. e5 Nd5 14. Nxe6 fxe6 15.
Nxd5 exd5 16. Qxd5+ Kh8 17. Rxa5 Be6 18. Qxe6 Qxa5 19. Bd3 dxe5 20. fxe5 Rf8
21. Qxe7 Rxf1+ 22. Bxf1 Qe1 23. Qf7 Qxe3 24. e6 Rg8 25. e7 b5 26. h3 Qe1 27. g3
Qe5 28. h4 h5 29. Bg2 Qe1+ 30. Kh2 g6 31. b3 Qe2 32. c4 bxc4 33. bxc4 a5 34. c5
g5 35. hxg5 h4 36. Qf6+ 1-0

[Event "26.Torneo Collado Villalba 2011"]
[Site "Collado Villalba ESP"]
[Date "2011.08.26"]
[Round "4.4"]
[White "Vazquez Igarza, Renier"]
[Black "Ortega Ruiz, Jose Miguel"]
[Result "0-1"]
[WhiteElo "2561"]
[BlackElo "2248"]
[PlyCount "56"]
[EventDate "2011.08.23"]
[EventType "swiss"]
[EventRounds "9"]
[EventCountry "ESP"]
[Source "lmi"]
[SourceDate "2011.08.23"]

1. d4 d5 2. c4 c6 3. Nc3 Nf6 4. cxd5 cxd5 5. Bf4 Nc6 6. e3 e6 7. Bd3 Bd6 8. Bg3
a6 9. Nf3 b5 10. a4 b4 11. Nb1 Na5 12. Nbd2 Bb7 13. Rc1 O-O 14. Bh4 Qd7 15. Ne5
Bxe5 16. dxe5 Ne4 17. Nf3 Bc6 18. b3 Nc3 19. Qc2 f5 20. Nd4 Bb7 21. O-O Nc6 22.
Nf3 Rfc8 23. Qb2 d4 24. Bc4 Na5 25. Nxd4 Nxc4 26. bxc4 Rxc4 27. f3 f4 28. Qb3
Bd5 0-1

[Event "26.Torneo Collado Villalba 2011"]
[Site "Collado Villalba ESP"]
[Date "2011.08.26"]
[Round "4.5"]
[White "Pastor Alonso De Prado, Emilio"]
[Black "Gomez Garrido, Camilo"]
[Result "1/2-1/2"]
[WhiteElo "2197"]
[BlackElo "2524"]
[PlyCount "82"]
[EventDate "2011.08.23"]
[EventType "swiss"]
[EventRounds "9"]
[EventCountry "ESP"]
[Source "lmi"]
[SourceDate "2011.08.23"]

1. e4 c5 2. c3 Nf6 3. e5 Nd5 4. d4 cxd4 5. Nf3 e6 6. cxd4 b6 7. Nc3 Nxc3 8.
bxc3 Qc7 9. Bd2 d6 10. Bd3 Nd7 11. exd6 Bxd6 12. O-O Bb7 13. Re1 h6 14. a4 O-O
15. Qe2 Bf4 16. Bxf4 Qxf4 17. Ne5 Nxe5 18. Qxe5 Qxe5 19. Rxe5 Rac8 20. Ra3 Rc7
21. a5 Rfc8 22. c4 Rd8 23. axb6 axb6 24. Rb5 Rxd4 25. Rxb6 Be4 26. Be2 Rd2 27.
Re3 Ra7 28. h4 Rb7 29. Rxb7 Bxb7 30. Kf1 Rc2 31. f3 Ba6 32. Re4 Kf8 33. Ke1 Ke7
34. Kd1 Ra2 35. Rd4 g6 36. f4 h5 37. Ke1 Bb7 38. g3 Bc6 39. Rd2 Ra1+ 40. Rd1
Rxd1+ 41. Kxd1 Kd6 1/2-1/2

[Event "26.Torneo Collado Villalba 2011"]
[Site "Collado Villalba ESP"]
[Date "2011.08.26"]
[Round "4.6"]
[White "Roa Alonso, Santiago"]
[Black "Malmi, Eric"]
[Result "1-0"]
[WhiteElo "2428"]
[BlackElo "2044"]
[PlyCount "45"]
[EventDate "2011.08.23"]
[EventType "swiss"]
[EventRounds "9"]
[EventCountry "ESP"]
[Source "lmi"]
[SourceDate "2011.08.23"]

1. d4 f5 2. g3 Nf6 3. Bg2 g6 4. c4 Bg7 5. Nc3 d6 6. Nf3 O-O 7. O-O c6 8. Qc2
Qe8 9. b3 e5 10. dxe5 dxe5 11. Ba3 Rf7 12. Rad1 e4 13. Ne5 Qxe5 14. Rd8+ Ne8
15. Rxc8 Bf6 16. Nxe4 fxe4 17. Qxe4 Rf8 18. Qxe5 Bxe5 19. Bxf8 Kxf8 20. Rd1 Bc7
21. Rd3 Bb6 22. c5 Na6 23. Rf3+ 1-0

[Event "26.Torneo Collado Villalba 2011"]
[Site "Collado Villalba ESP"]
[Date "2011.08.26"]
[Round "4.7"]
[White "Madina Yadarola, Martin"]
[Black "Unciti Juan, Javier"]
[Result "1-0"]
[WhiteElo "2291"]
[BlackElo "2133"]
[PlyCount "71"]
[EventDate "2011.08.23"]
[EventType "swiss"]
[EventRounds "9"]
[EventCountry "ESP"]
[Source "lmi"]
[SourceDate "2011.08.23"]

1. b3 e5 2. Bb2 Nc6 3. e3 d6 4. c4 g6 5. h4 Nf6 6. Be2 h5 7. Nc3 Bg7 8. a3 d5
9. cxd5 Nxd5 10. Rc1 Be6 11. Ne4 Nf6 12. Nc5 Bc8 13. b4 Qd6 14. Nf3 Ng4 15. Ng5
O-O 16. Qc2 Qe7 17. Nce4 a6 18. Nc5 Nd8 19. Nce4 c6 20. Nc5 b6 21. Nce4 f6 22.
Bc4+ Kh8 23. Nh3 f5 24. Neg5 Nf6 25. d4 Ng4 26. dxe5 Bxe5 27. Nf4 Qf6 28. Bxe5
Nxe5 29. Bb3 Ra7 30. Qc3 Kg7 31. O-O Re7 32. Qd4 b5 33. Rfd1 Rd7 34. Qa1 Rxd1+
35. Rxd1 Nef7 36. Bxf7 1-0

[Event "26.Torneo Collado Villalba 2011"]
[Site "Collado Villalba ESP"]
[Date "2011.08.26"]
[Round "4.9"]
[White "Garcia Saez, Juan Carlos"]
[Black "Moreno Tejera, Emilio"]
[Result "0-1"]
[WhiteElo "2070"]
[BlackElo "2264"]
[PlyCount "40"]
[EventDate "2011.08.23"]
[EventType "swiss"]
[EventRounds "9"]
[EventCountry "ESP"]
[Source "lmi"]
[SourceDate "2011.08.23"]

1. e4 c5 2. Nf3 e6 3. d4 cxd4 4. Nxd4 Nf6 5. Nc3 Nc6 6. Bg5 h6 7. Bxf6 Qxf6 8.
Ndb5 Bc5 9. Nd6+ Ke7 10. Nxc8+ Rhxc8 11. Qd2 Bd4 12. Nb5 Bxb2 13. Rd1 a6 14. c3
axb5 15. Qxb2 b4 16. Rd3 bxc3 17. Qxc3 Ne5 18. Qb4+ Ke8 19. Rd1 Rxa2 20. Qd4
Nd3+ 0-1

[Event "26.Torneo Collado Villalba 2011"]
[Site "Collado Villalba ESP"]
[Date "2011.08.26"]
[Round "4.10"]
[White "Alcazar Jimenez, Jesus"]
[Black "Draghici Flutur, Gavril"]
[Result "1-0"]
[WhiteElo "2257"]
[BlackElo "2077"]
[PlyCount "41"]
[EventDate "2011.08.23"]
[EventType "swiss"]
[EventRounds "9"]
[EventCountry "ESP"]
[Source "lmi"]
[SourceDate "2011.08.23"]

1. d4 d5 2. Nf3 Nf6 3. c4 dxc4 4. Nc3 a6 5. a4 Nc6 6. e4 Bg4 7. d5 Ne5 8. Bf4
Ng6 9. Be3 e6 10. dxe6 Bxe6 11. Nd4 Ne5 12. f4 Bg4 13. Qd2 Nd3+ 14. Bxd3 cxd3
15. h3 c5 16. Nb3 c4 17. hxg4 Bb4 18. Bc5 Nxe4 19. Qe3 Bxc3+ 20. bxc3 Qd5 21.
Rh5 1-0

[Event "26.Torneo Collado Villalba 2011"]
[Site "Collado Villalba ESP"]
[Date "2011.08.26"]
[Round "4.11"]
[White "Semprun Martinez, Fernando"]
[Black "Ledo Galan, Jose Emilio"]
[Result "1/2-1/2"]
[WhiteElo "2239"]
[BlackElo "2073"]
[PlyCount "104"]
[EventDate "2011.08.23"]
[EventType "swiss"]
[EventRounds "9"]
[EventCountry "ESP"]
[Source "lmi"]
[SourceDate "2011.08.23"]

1. e4 c5 2. Nf3 d6 3. d4 cxd4 4. Nxd4 Nf6 5. Nc3 a6 6. Bg5 e6 7. f4 Be7 8. Qf3
Qb6 9. O-O-O Nc6 10. Nxc6 bxc6 11. e5 dxe5 12. fxe5 Nd5 13. Bxe7 Nxe7 14. Ne4
O-O 15. Qc3 Rb8 16. b3 Nd5 17. Qc5 Qxc5 18. Nxc5 Nc3 19. Rd6 Nxa2+ 20. Kb2 Nb4
21. c3 Nd5 22. Bxa6 Bxa6 23. Nxa6 Rbc8 24. Re1 Rfd8 25. c4 Nf4 26. Red1 Re8 27.
g3 Ng6 28. Re1 Re7 29. Kc3 Ra7 30. Nc5 Ra2 31. h4 Rg2 32. Re3 Ne7 33. Red3 h5
34. Ne4 Nf5 35. Rd7 c5 36. Rd8+ Rxd8 37. Rxd8+ Kh7 38. b4 cxb4+ 39. Kxb4 Re2
40. Nd6 Rxe5 41. Nxf7 Re3 42. c5 Ne7 43. Ng5+ Kg6 44. Rd6 Kf5 45. c6 Nxc6+ 46.
Rxc6 Rxg3 47. Nxe6 Rg4+ 48. Kc3 g6 49. Nd4+ Kf4 50. Ne2+ Kf3 51. Kd3 Rxh4 52.
Rxg6 Rh2 1/2-1/2

[Event "26.Torneo Collado Villalba 2011"]
[Site "Collado Villalba ESP"]
[Date "2011.08.26"]
[Round "4.12"]
[White "Salgado Lopez, Oscar"]
[Black "Madurga Lopez, Ignacio"]
[Result "1-0"]
[WhiteElo "2219"]
[BlackElo "2036"]
[PlyCount "58"]
[EventDate "2011.08.23"]
[EventType "swiss"]
[EventRounds "9"]
[EventCountry "ESP"]
[Source "lmi"]
[SourceDate "2011.08.23"]

1. e4 c5 2. b3 d6 3. Bb2 e5 4. f4 exf4 5. Nf3 Nf6 6. Nc3 Bg4 7. Bb5+ Nbd7 8.
O-O a6 9. Bxd7+ Nxd7 10. Nd5 Ne5 11. Nxf4 Bxf3 12. gxf3 Qh4 13. Nd5 O-O-O 14.
Qe2 Ng6 15. f4 Ne7 16. Nb6+ Kb8 17. b4 cxb4 18. a3 bxa3 19. Rxa3 h5 20. Rg3 f6
21. c4 Rh6 22. f5 Kc7 23. Bd4 Re8 24. d3 g5 25. Be3 Rh7 26. Qb2 g4 27. Rb1 Nc6
28. Nd5+ Kb8 29. Nxf6 Bg7 1-0

[Event "26.Torneo Collado Villalba 2011"]
[Site "Collado Villalba ESP"]
[Date "2011.08.26"]
[Round "4.13"]
[White "Mena Corrochano, Alberto"]
[Black "Bolea Jover, Jose"]
[Result "1/2-1/2"]
[WhiteElo "2175"]
[BlackElo "2021"]
[PlyCount "75"]
[EventDate "2011.08.23"]
[EventType "swiss"]
[EventRounds "9"]
[EventCountry "ESP"]
[Source "lmi"]
[SourceDate "2011.08.23"]

1. d4 Nf6 2. c4 e6 3. Nc3 Bb4 4. Qc2 d5 5. Nf3 O-O 6. a3 Bxc3+ 7. Qxc3 Ne4 8.
Qc2 b6 9. e3 Ba6 10. Bd3 f5 11. b3 Nd7 12. Bb2 Rc8 13. O-O c6 14. Qe2 Rf6 15.
Nd2 Rh6 16. g3 Rg6 17. Bxe4 fxe4 18. f3 exf3 19. Rxf3 Qe7 20. Qf2 Rf6 21. e4
Rcf8 22. Qe2 Rxf3 23. Nxf3 dxc4 24. bxc4 e5 25. Kg2 exd4 26. Bxd4 c5 27. Bb2
Bb7 28. Nd2 Re8 29. Re1 Nf6 30. Bxf6 Qxf6 31. Qf3 Qb2 32. Re2 Qxd2 33. Rxd2
Bxe4 34. Rd7 Bxf3+ 35. Kxf3 a6 36. Rd6 b5 37. Rxa6 bxc4 38. Ra4 1/2-1/2

[Event "26.Torneo Collado Villalba 2011"]
[Site "Collado Villalba ESP"]
[Date "2011.08.26"]
[Round "4.14"]
[White "Suarez Triguero, Jose Alfonso"]
[Black "Prieto Martin, Alfonso"]
[Result "1/2-1/2"]
[WhiteElo "2079"]
[BlackElo "2167"]
[PlyCount "96"]
[EventDate "2011.08.23"]
[EventType "swiss"]
[EventRounds "9"]
[EventCountry "ESP"]
[Source "lmi"]
[SourceDate "2011.08.23"]

1. e4 Nf6 2. Nc3 d5 3. exd5 Nxd5 4. Nxd5 Qxd5 5. Qf3 Qd6 6. Bc4 e6 7. Ne2 Nc6
8. Qg3 Bd7 9. Qxd6 cxd6 10. O-O Rc8 11. Bb3 Na5 12. c3 Nxb3 13. axb3 a6 14. Re1
Be7 15. Ng3 g6 16. d4 f5 17. f4 Kf7 18. d5 exd5 19. Be3 Bf6 20. Rad1 Bc6 21.
Bd4 Bxd4+ 22. Rxd4 Rhe8 23. Rxe8 Rxe8 24. Kf2 Re6 25. Nf1 Re4 26. Nd2 Rxd4 27.
cxd4 Bb5 28. Nb1 Bd3 29. Nc3 Be4 30. b4 Ke7 31. g3 Kd7 32. Ke3 Kc6 33. b5+ Kb6
34. bxa6 bxa6 35. b4 a5 36. bxa5+ Kxa5 37. Nd1 Kb4 38. Nf2 Kc3 39. Nd1+ Kc2 40.
Nf2 Bg2 41. Ke2 Kc3 42. Ke3 Bf1 43. Nd1+ Kc2 44. Nf2 Kc1 45. g4 Kc2 46. gxf5
gxf5 47. Nh1 Bh3 48. Ng3 Bg4 1/2-1/2

[Event "26.Torneo Collado Villalba 2011"]
[Site "Collado Villalba ESP"]
[Date "2011.08.26"]
[Round "4.16"]
[White "Garcia Galeote, Lorenzo"]
[Black "Bermejo Arruego, Luis"]
[Result "0-1"]
[WhiteElo "2059"]
[BlackElo "2157"]
[PlyCount "88"]
[EventDate "2011.08.23"]
[EventType "swiss"]
[EventRounds "9"]
[EventCountry "ESP"]
[Source "lmi"]
[SourceDate "2011.08.23"]

1. g3 c5 2. Bg2 g6 3. c4 Bg7 4. e3 Nf6 5. Nc3 O-O 6. Nge2 d6 7. O-O Nc6 8. d4
cxd4 9. Nxd4 Bd7 10. Nde2 Rb8 11. Rb1 a6 12. a4 a5 13. b3 Bf5 14. e4 Bg4 15. f3
Qb6+ 16. Kh1 Bc8 17. Bb2 h5 18. Nf4 Re8 19. Ncd5 Nxd5 20. Nxd5 Qc5 21. Bxg7
Kxg7 22. Qd2 Rh8 23. h4 f6 24. Rbd1 Bd7 25. Kh2 Rbd8 26. Bh3 Bxh3 27. Kxh3 e5
28. f4 Rhf8 29. Qg2 Nd4 30. g4 hxg4+ 31. Qxg4 f5 32. exf5 Nxf5 33. h5 Rd7 34.
Qxg6+ Kh8 35. h6 Rh7 36. fxe5 Qc8 37. Rxf5 Qxf5+ 38. Qxf5 Rxf5 39. Kg4 Rxe5 40.
Nf6 Rxh6 41. Nd5 Kg7 42. Rb1 Rhe6 43. b4 Re4+ 44. Kf5 R6e5# 0-1

[Event "26.Torneo Collado Villalba 2011"]
[Site "Collado Villalba ESP"]
[Date "2011.08.26"]
[Round "4.17"]
[White "Cao Armillas, Jesus"]
[Black "Angelina Vela, Carlos"]
[Result "1-0"]
[WhiteElo "2194"]
[BlackElo "1998"]
[PlyCount "43"]
[EventDate "2011.08.23"]
[EventType "swiss"]
[EventRounds "9"]
[EventCountry "ESP"]
[Source "lmi"]
[SourceDate "2011.08.23"]

1. d4 d5 2. c4 e6 3. Nc3 c6 4. Nf3 Nf6 5. e3 Nbd7 6. Bd3 Bd6 7. e4 dxe4 8. Nxe4
Nxe4 9. Bxe4 Bb4+ 10. Bd2 Bxd2+ 11. Qxd2 Nf6 12. Bc2 b6 13. O-O O-O 14. Rad1
Ba6 15. Qc3 Qc7 16. Rfe1 Rfd8 17. Re5 Bb7 18. Rg5 Kf8 19. Ne5 h6 20. Rxg7 Ne4
21. Rxf7+ Qxf7 22. Qa3+ 1-0

[Event "26.Torneo Collado Villalba 2011"]
[Site "Collado Villalba ESP"]
[Date "2011.08.26"]
[Round "4.18"]
[White "Montanes Arribas, Adrian"]
[Black "Hernandez Yanez, Javier"]
[Result "1-0"]
[WhiteElo "2177"]
[BlackElo "1973"]
[PlyCount "65"]
[EventDate "2011.08.23"]
[EventType "swiss"]
[EventRounds "9"]
[EventCountry "ESP"]
[Source "lmi"]
[SourceDate "2011.08.23"]

1. e4 e6 2. d4 d5 3. Nc3 Bb4 4. e5 c5 5. a3 Bxc3+ 6. bxc3 Ne7 7. Qg4 O-O 8. Bd3
f5 9. exf6 Rxf6 10. Bg5 Rf7 11. Qh5 g6 12. Qd1 c4 13. Be2 Qf8 14. Nf3 Nbc6 15.
O-O Nf5 16. Ne5 Nxe5 17. dxe5 h6 18. Bf6 Bd7 19. Qd2 Kh7 20. Bg4 Ne7 21. f4 Nf5
22. Bxf5 gxf5 23. Qe3 b6 24. Rf3 Qc5 25. Qxc5 bxc5 26. Rh3 Rg8 27. Bg5 Rg6 28.
Rb1 Bc6 29. Rb8 d4 30. Rc8 Bxg2 31. Kxg2 Kg7 32. Kf2 hxg5 33. Rch8 1-0

[Event "26.Torneo Collado Villalba 2011"]
[Site "Collado Villalba ESP"]
[Date "2011.08.26"]
[Round "4.19"]
[White "Torres Samper, Rafael"]
[Black "Prada Lopez, Miguel Angel"]
[Result "1-0"]
[WhiteElo "2015"]
[BlackElo "2150"]
[PlyCount "67"]
[EventDate "2011.08.23"]
[EventType "swiss"]
[EventRounds "9"]
[EventCountry "ESP"]
[Source "lmi"]
[SourceDate "2011.08.23"]

1. e4 c5 2. Nf3 d6 3. d4 cxd4 4. Qxd4 a6 5. Bg5 Nc6 6. Qd2 g6 7. Nc3 Bg7 8.
O-O-O Bg4 9. h3 Bxf3 10. gxf3 Nf6 11. Bh6 O-O 12. h4 Qa5 13. Kb1 Rac8 14. h5
Nxh5 15. Bxg7 Kxg7 16. Bh3 e6 17. Bg4 Nf6 18. Qh6+ Kg8 19. Rxd6 Qe5 20. Rxc6
Rxc6 21. f4 Qc7 22. e5 Nh5 23. Bxh5 f5 24. exf6 Rxf6 25. Ne4 Rf8 26. Bf3 Rb6
27. Qg5 Qg7 28. c3 Rb5 29. Qg4 Rbf5 30. Ng5 h5 31. Qh3 Rxf4 32. Qxe6+ Kh8 33.
Bxh5 Qh6 34. Bf3 1-0

[Event "26.Torneo Collado Villalba 2011"]
[Site "Collado Villalba ESP"]
[Date "2011.08.26"]
[Round "4.21"]
[White "Arauz Alonso, Fernando"]
[Black "Laynez Aspenberg, Jose"]
[Result "1/2-1/2"]
[WhiteElo "2123"]
[BlackElo "1898"]
[PlyCount "62"]
[EventDate "2011.08.23"]
[EventType "swiss"]
[EventRounds "9"]
[EventCountry "ESP"]
[Source "lmi"]
[SourceDate "2011.08.23"]

1. d4 Nf6 2. Nf3 c5 3. c3 b6 4. Bf4 g6 5. Nbd2 Bb7 6. e3 Bg7 7. h3 d6 8. Bc4
O-O 9. O-O Ba6 10. Bxa6 Nxa6 11. Qe2 Nc7 12. Rfd1 cxd4 13. cxd4 Qe8 14. Rac1
Rc8 15. a3 Ne6 16. Bh2 Qd7 17. Ne1 Rxc1 18. Rxc1 Rc8 19. Rxc8+ Qxc8 20. Qc4
Qxc4 21. Nxc4 Nd8 22. Kf1 Nd7 23. Ke2 f5 24. Kd3 b5 25. Na5 a6 26. Nc2 e5 27.
f3 Kf7 28. Nb4 Nb8 29. dxe5 Bxe5 30. Bxe5 dxe5 31. e4 Ne6 1/2-1/2

[Event "26.Torneo Collado Villalba 2011"]
[Site "Collado Villalba ESP"]
[Date "2011.08.26"]
[Round "4.22"]
[White "Ruiz Sanchez, Roberto"]
[Black "Martin Martin, Luis Vicente"]
[Result "0-1"]
[WhiteElo "1997"]
[BlackElo "2048"]
[PlyCount "74"]
[EventDate "2011.08.23"]
[EventType "swiss"]
[EventRounds "9"]
[EventCountry "ESP"]
[Source "lmi"]
[SourceDate "2011.08.23"]

1. e4 d5 2. exd5 Qxd5 3. Nc3 Qa5 4. d4 c6 5. Nf3 Nf6 6. Bc4 Bf5 7. Bd2 e6 8.
Nd5 Qd8 9. Nxf6+ gxf6 10. Be3 Nd7 11. Qe2 Qc7 12. O-O-O O-O-O 13. Bd3 Bg6 14.
Ne1 Kb8 15. h4 Bxd3 16. Nxd3 h5 17. Kb1 Bh6 18. Rhe1 f5 19. Bxh6 Rxh6 20. g3
Nf6 21. Ne5 Rh7 22. c4 Ne4 23. c5 Qa5 24. Ka1 Qa4 25. Qe3 f6 26. Ng6 Rhd7 27.
Rc1 Rxd4 28. Nf4 Nxc5 29. Rxc5 Re4 30. Qc1 Rxe1 31. Qxe1 Rd1+ 32. Rc1 Rxe1 33.
Rxe1 e5 34. Nxh5 Qd4 35. Nxf6 Qxf2 36. Rh1 e4 37. h5 e3 0-1

[Event "26.Torneo Collado Villalba 2011"]
[Site "Collado Villalba ESP"]
[Date "2011.08.26"]
[Round "4.23"]
[White "Serrano Martinez, Francisco Jos"]
[Black "Luna Hermoso, Angel"]
[Result "0-1"]
[WhiteElo "1950"]
[BlackElo "2046"]
[PlyCount "110"]
[EventDate "2011.08.23"]
[EventType "swiss"]
[EventRounds "9"]
[EventCountry "ESP"]
[Source "lmi"]
[SourceDate "2011.08.23"]

1. e4 c6 2. Nc3 d5 3. Qf3 e5 4. exd5 Nf6 5. dxc6 Nxc6 6. Bb5 Bd7 7. Qg3 Bd6 8.
Nge2 Qe7 9. Qh4 O-O-O 10. d3 h6 11. Be3 e4 12. Nxe4 Bb4+ 13. N4c3 g5 14. Qg3
Bd6 15. f4 Rhe8 16. Bd2 Nd4 17. Bxd7+ Rxd7 18. O-O-O Nxe2+ 19. Nxe2 Qxe2 20.
Rhe1 Qh5 21. Rxe8+ Nxe8 22. Qe3 Nc7 23. fxg5 hxg5 24. Qxg5 Qxg5 25. Bxg5 Bxh2
26. Rh1 Be5 27. g4 Nd5 28. Rf1 Kc7 29. Bd2 Kd6 30. c4 Nf6 31. g5 Ng4 32. b4 Ke6
33. Kc2 Rd4 34. Rf3 Nh2 35. Rf2 Rh4 36. Re2 Nf3 37. Bc3 Nd4+ 38. Bxd4 Rxd4 39.
Re4 Kf5 40. Re2 Rg4 41. Rf2+ Kg6 42. Re2 Kf5 43. Rf2+ Rf4 44. Re2 Bd4 45. Re7
Kxg5 46. Re4 Rxe4 47. dxe4 Kf4 48. Kd3 Ke5 49. c5 Bg1 50. a4 a5 51. c6 bxc6 52.
bxa5 Ba7 53. a6 f6 54. a5 Bd4 55. Ke2 Kxe4 0-1